Quizzes
Events
Quiz Creation
Community
Videos
Private Events
Remove Ads
Sign In
Join for FREE
Feedback
Dark Mode
Quiz Categories
Sports
Geography
Music
Movies
Television
Just For Fun
Miscellaneous
History
Literature
Language
Science
Gaming
Entertainment
Religion
Holiday
For Kids
Quiz Lab
Recent
Popular Today
Quiz Kudos Today
Editor Picks
Curator Picks
Quizzes by...
Day
Popularity
Type
Ratings
Length
Year
Community
Subscriptions
Recent Discussions
Orange Saloon
Badges
Playlists
Quests
Create
Leaderboards
Showdown
Live 5
Trivia Bingo
Activity
Puzzle Library
Sporcle Events
Private Events
Virtual Trivia
Globe League
Become a Host
Pub Owners
SporcleCon
Opinionation
Our Games
Videos
Blog
Mobile Apps
Partnerships
Remove Ads and Go Orange
Feedback
Television
TV Characters
TV Show
Sitcom
Network
Friends
Reality Shows
Cast
South Park
Star Trek
The Simpsons
Doctor Who
Television
TV Characters
TV Show
Sitcom
Network
Friends
Reality Shows
Cast
South Park
Star Trek
The Simpsons
Doctor Who
Random Quiz
Search Sporcle
×
Quiz Lab
Quiz Lab
Television
kel
Type in answers that appear in a list
Type in answers that appear in a list
Classic
Best Score? Go Orange.
Kenan and Kel Stats
Can you name the Kenan and Kel trivia facts??
By
sporcling123
5m
14 Questions
1,275 Plays
1,275 Plays
1,275 Plays
Comments
Comments
Give Quiz Kudos
Give Quiz Kudos
-
- Ratings
hide this ad
Replay
Link that replays current quiz
Next Quiz
Link to next quiz in quiz playlist
You Got
0%
They Got
Avg Score
68%
Avg Friend Score
Upgrade to see
Score Distribution
Jump to the score distribution portion of the page
Score
0/14
Timer
05:00
0
Plays Today
Question
Answer
% Correct
Idiotic Best Friend
Kel Kimble
99.5%
Main Character
Kenan Rockmore
99.3%
What does #2 loves?
Orange Soda (Is it true? Mhm, I do I do I do-oo-oo!)
87.8%
Awwwww, _
_
_
_
_
_
_
_
!!!
here it goes!!!
77.6%
Main Character's Boss
Chris Potter
74.3%
What did #2 drop the screw in?
The Tuna (Oh, the humanity!!!)
73.9%
What #1 shouts when #2 does something wrong
Whhhhyyyy???
66%
Question
Answer
% Correct
Where Main Character Works
Rigby's
64.2%
Main Character's Dad
Roger Rockmore
63.8%
Sings the Show's Theme Song
Coolio
63.3%
Main Character's Little Sister
Kyra Rockmore
62.4%
Main Character's Mom
Sheryl Rockmore
46%
Main Character's Neighbor
Marc Cram
41.4%
Main Character's Co-
Worker
Sharla Morrison
34.9%
Quiz Playlist
Details
Report
Send in Message
Add To Playlist
Classic:
Type in answers that appear in a list
Last Updated: Feb 16, 2017
Quiz Scoreboard
CHALLENGE
Sign Up to Join the Scoreboard
Show All
Scores
Hide
Comments
May contain spoilers
Recently Published
One Thing in Common: World Cities II
by knightlancer
Geography
7m
Popular People in 1961
by mucciniale
History
6m
1-10 Letter E Words III
by El_Dandy
Language
2m
More to Explore
Quiz From the Vault
Featured Blog Post
Where Did the Easter Bunny Come From?
hide this ad
You Might Also Like...
Tags
kel
kenan
Today's Top Quizzes in Television
Browse Television
hide this ad
Top Contributed Quizzes in Television
1
One Piece Logic Puzzle
2
Survivor Logic Puzzle: Heroes vs. Villains
3
Survivor Seasons
4
Survivor Season by Logo
5
Survivor Trivia
6
Survivor Logic Puzzle: Winners at War
7
Ultimate Survivor Logic Puzzle
8
Phoebe Buffay Quotes
9
Emmerdale Characters (from August 2012)
10
One Thing in Common: Television
Explore More
Trending Topics
Crossword
Harry Potter
Marvel
Anime
Disney
NBA
Kpop
Song
Soccer
The Office
Country
NFL
WWE
Puzzle
Pokémon
hide this ad
More By:
sporcling123
Quiz
Plays
Rating
Category
Featured
Created
Follow That Line: The Office
124,010
4.70
Television
May 27, 2012
Family Guy Who Wants to Be a Millionaire
114,257
2.69
Television
Apr 10, 2010
Criteria Characters: The Office
52,347
4.34
Television
May 29, 2014
Follow That Line: Community
26,712
4.79
Television
Jun 2, 2012
Criteria Characters: Game of Thrones
7,916
4.71
Television
May 23, 2014
Go to Creator's Profile
Score Distribution
Quiz Creator Spotlight
sporcling123
Follow
Send a Message
Quizzes Created
-
Created Quiz Play Count
-
More By This Creator
Popular Quizzes Today
1
Find the US States - No Outlines Minefield
2
The Countries of the World
3
Popular People in 1961
4
Find the Countries of Europe - No Outlines Minefield
5
1-10 Letter E Words III
6
Find the US States
7
One Thing in Common: World Cities II
8
US States
More Television Quizzes
Click an ABC Show (1980s)
Published
Trending Quizzes
1-10 Letter F Words
1-10 Letter G Words
Risky Map Clicking: Next State Alphabetically
1-10 Letter F Words II
Risky Map Clicking: States by Unique Starting Letters
Recently Updated
Leaping Animals
pecheneg
Reality TV Shows (A-Z)
bhenderson79
Rickey Henderson's Hall of Fame Teammates
pecheneg
Champions League XIs: Arsenal
pecheneg
Quick Pick: Celebrities in WWE's Hall of Fame
aduchscher
A-Z Keypad Blitz II
pecheneg
Multiple Oscar Actors
pecheneg
Mystery Phrase Blitz: Oscar 'Best Actors'
pecheneg
F. Scott Fitzgerald Novels
LTH
Pick 3 Villains
ddd62291
Trending Topics
Kpop
Anime
Marvel
Harry Potter
Crossword
Disney
NBA
Song
Pokémon
WWE
Country
NFL
Puzzle
Soccer
The Office
Your Account Isn't Verified!
In order to create a playlist on Sporcle, you need to verify the email address you used during registration. Go to your
Sporcle Settings
to finish the process.
Report this User
Report this user for behavior that violates our
Community Guidelines
.
Details:
Send Report
Go to the Sporcle.com Mobile Site →
Comments